Souvislosti a fakta o týraných a zanedbávaných dětech z diagnostického ústavu
Problematika detí ohrozovaných týraním a zanedbávaním. Rozbor informácií o rodinnom prostredí, v ktorom tieto deti vyrastali. Vzťah medzi výskytom týrania a zanedbávaním detí a ich rodinného prostredia. Jednotlivé znaky rodín, v ktorých boli preukázateľné stopy ohrozovania a násilia na deťoch.
Salvato in:
| Autore principale: | |
|---|---|
| Natura: | Capitolo di libro |
| Lingua: | ceco |
| Soggetti: | |
| Tags: |
Nessun Tag, puoi essere il primo ad aggiungerne!!
|
MARC
| LEADER | 00000naa a2200000 4500 | ||
|---|---|---|---|
| 001 | 0211559 | ||
| 005 | 20221128140129.1 | ||
| 041 | 0 | |a cze | |
| 044 | |a CZ | ||
| 245 | 1 | 0 | |a Souvislosti a fakta o týraných a zanedbávaných dětech z diagnostického ústavu |c Jiřina Víravová |
| 520 | |a Problematika detí ohrozovaných týraním a zanedbávaním. Rozbor informácií o rodinnom prostredí, v ktorom tieto deti vyrastali. Vzťah medzi výskytom týrania a zanedbávaním detí a ich rodinného prostredia. Jednotlivé znaky rodín, v ktorých boli preukázateľné stopy ohrozovania a násilia na deťoch. | ||
| 610 | 2 | 0 | |a rodina |
| 610 | 2 | 0 | |a agresia |
| 610 | 2 | 0 | |a diskriminácia |
| 610 | 2 | 0 | |a správanie asociálne |
| 610 | 2 | 0 | |a starostlivosť o deti |
| 610 | 2 | 0 | |a zariadenia výchovné |
| 610 | 2 | 0 | |a politika rodinná |
| 610 | 2 | 0 | |a práca sociálna |
| 100 | 1 | |a Víravová, Jiřina | |